| 000 | 00778nam a22002657a 4500 | ||
|---|---|---|---|
| 001 | BR2017000892 | ||
| 003 | BR-BrBNA | ||
| 005 | 20230928105058.0 | ||
| 007 | ta | ||
| 008 | 230509b bl.||||| |||| 00| 0 por d | ||
| 040 |
_aBR-BrBNA _bpor _cBiblioteca Nacional de Agricultura |
||
| 041 | _a(Por) | ||
| 072 | _aK10 | ||
| 090 | _ K10 BR2017000892 | ||
| 110 | 1 |
_aAssociação Brasileira de Produtores de Florestas Plantadas, Brasília, DF (Brasil) _9859 |
|
| 245 | 1 | _aAnuário estatístico da ABRAF 2007: ano base 2006 | |
| 260 | 3 |
_aBrasília, DF (Brasil): _c2007. |
|
| 300 | _a80 p. | ||
| 500 | _a13 illus.; 28 graphs.; 31 tables | ||
| 650 | _aSETOR FLORESTAL | ||
| 650 | _aFLORESTA | ||
| 650 | _aESTATÍSTICA | ||
| 909 |
_a202309 _bLucia _c55 _dLucia Elande |
||
| 942 | _cBK | ||
| 999 |
_c83300 _d83300 |
||